Países del mundo - ¡Muerte súbita! - Estadísticas

Estadísticas generales
  • Esta prueba ha sido intentada 1.318 veces
  • La puntuación promedio es 16 de 26
Answers on the Grid
Answers color-coded by a green-red scale on the quiz's grid according to % correct below.
El Salvador
San Martín
Transnistria
Argentina
Estados Unidos
Grecia
México
Luxemburgo del Norte
Yugoslavia
Zaire
República Dominicana
Texas
Groenlandia
España
Nauru
Australia
San Vicente y Cristóbal
Myanmar
San José
Cataluña
Barcelona
Rumania
Santa Lucía
Zelandia
Yemen
Antigua y Barbuda
Colombia
Svalbard y Jan Mayen
Tokelau
Singapur
Guam
Krai de Krasnoyarsk
San Vírgenes
Somalilandia
Etiopía
Corea del Oeste
Vietnam
Reino Unido
Francia
Tokio
Eslovenia
Kirguistán
Nuuk
Hamburgo
Sevilla
Honduras
Santo Príncipe
Perú
Canadá
Borneo
Japón
Sumatra
 
Estadísticas de respuestas
Respuesta % Correcto
El Salvador
97%
Estados Unidos
91%
Argentina
88%
México
88%
Grecia
85%
España
78%
República Dominicana
78%
Australia
76%
Nauru
61%
Rumania
54%
Colombia
53%
Myanmar
53%
Yemen
52%
Canadá
51%
Francia
51%
Vietnam
51%
Antigua y Barbuda
50%
Etiopía
50%
Reino Unido
50%
Singapur
50%
Eslovenia
49%
Honduras
49%
Japón
49%
Perú
49%
Kirguistán
44%
Santa Lucía
44%
No se encontraron pruebas coincidentes
Distribución de puntuación
Porcentaje de gente con cada puntuación
Porcentaje por número respondido
Historial de tus puntuaciones
No has intentado esta prueba.